[Event "ROM-ch U10"]
[Site "Calimanesti"]
[Date "2018.03.31"]
[Round "6"]
[White "Rosu, Mihai Radu"]
[Black "Radu, Teodor"]
[Result "0-1"]
[WhiteElo "1005"]
[BlackElo "1278"]
[PlyCount "100"]
[EventDate "2018.03.27"]
[EventType "swiss"]
[EventRounds "9"]
[EventCountry "ROU"]
[SourceTitle "CBM 183 Extra"]
[Source "ChessBase"]
[SourceDate "2018.04.19"]
[SourceVersion "1"]
[SourceVersionDate "2018.04.19"]
[SourceQuality "1"]

1. e4 c5 2. Nf3 Nc6 3. Bc4 g6 4. Nc3 Bg7 5. 0-0 e6 6. Ne2 a6 7. Ng3 d5 8. exd5 exd5 9. Be2 Be6 10. c3 Nge7 11. b3 0-0 12. Bb2 Qd7 13. Qc2 Rfe8 14. d4 cxd4 15. cxd4 Nf5 16. Nxf5 Bxf5 17. Bd3 Bxd3 18. Qxd3 Rad8 19. Rfe1 Qg4 20. h3 Qf4 21. Bc1 Qd6 22. Bg5 Rc8 23. Rxe8+ Rxe8 24. Bd2 f5 25. Re1 Rxe1+ 26. Bxe1 Qe6 27. Bc3 Qe4 28. Qd2 h6 29. Kf1 g5 30. Qe1 Qxe1+ 31. Kxe1 g4 32. hxg4 fxg4 33. Ne5 Nxe5 34. dxe5 Kf7 35. f4 gxf3 36. gxf3 Ke6 37. f4 Kf5 38. Bd2 h5 39. Kf2 h4 40. Kf3 Bh6 41. Bc1 d4 42. Bd2 h3 43. e6 Bf8 44. Kg3 Kxe6 45. Kxh3 Kf5 46. Kg3 Ke4 47. Kf2 Bh6 48. Ke2 Bxf4 49. Bxf4 Kxf4 50. Kd3 Ke5 0-1